50 rokov, energia nového obzoru

Salvato in:
Dettagli Bibliografici
Natura: Libro
Lingua:slovacco
Pubblicazione: Nováky : SE, a. s., Elektrárne Nováky
Tags: Aggiungi Tag
Nessun Tag, puoi essere il primo ad aggiungerne!!

MARC

LEADER 00000nam a22000003a 4500
001 0112263
003 SK-STU
005 20241112080359.1
007 ta
008 241112s ----xo-----e------000-0-----d
040 |a STU  |b slo 
041 0 |a slo 
044 |a xo 
080 |a 621.31 
245 1 0 |a 50 rokov, energia nového obzoru 
260 |a Nováky :  |b SE, a. s., Elektrárne Nováky 
300 |a 67 s. 
996 |b 284EK90828  |c E* 90828  |l EE01  |s A  |a 24  |w 0112263_0001